Coupe du Monde de Football 1938 (click quiz) - Statistiques

Statistiques générales
  • Ce quiz a été pris 36 fois
  • Le résultat moyen est 6 sur 15
Statistiques - réponses
Hint Réponse % Correct
Indes Orientales Néerlandaises Huitième de finale
66%
Belgique Huitième de finale
56%
Roumanie Huitième de finale
53%
Norvège Huitième de finale
50%
Brésil Demi-finale
47%
Italie Vainqueur
47%
Pays-Bas Huitième de finale
44%
Suède Demi-finale
38%
Hongrie Finaliste
38%
Pologne Huitième de finale
38%
France Quart de finale
34%
Suisse Quart de finale
31%
Cuba Quart de finale
31%
Allemagne Huitième de finale
25%
Tchécoslovaquie Quart de finale
25%
Aucun quiz correspondant
Distribution des résultats
% des personnes avec chaque résultat
Percentile par nombre de réponses
Votre historique - résultats
Vous n’avez pas pris ce quiz